Boys Names that start with W - Statistics

General Stats
  • This quiz has been taken 475 times
  • The average score is 6 of 15
Answer Stats
Answer % Correct
William
98%
Warren
61%
Wayne
59%
Wesley
59%
Winston
50%
Wilson
46%
Wade
43%
Wallace
39%
Weston
39%
Wilbur
34%
Walker
26%
Watson
24%
Wendell
20%
Westley
11%
Wilmer
10%
No matching quizzes found
Score Distribution
Percent of People with Each Score
Percentile by Number Answered
Your Score History
You have not taken this quiz